• 首页
  • 本馆介绍
  • 公告通知
  • 最新文献
  • 馆藏检索
  • 电子资源
  • 读者导购
  • 参考咨询
  • 我的图书馆
  • 登录
  • 详细信息显示
  • 放入我的书架
  • 预约/预借图书
  • 作者相关作品
  • 分类相关作品
  • 丛书相关作品
  • 出版社相关作品

书目信息

  • 表格格式
  • 工作单格式
  • 卡片格式
题名:
优秀教师的成长
    
 
作者: 方心田 主编
分册:   关键事件
出版信息: 北京   中国人民大学出版社  2017
页数: 187页
开本: 24cm
丛书名: 教师发展丛书
单 册:
中图分类: K825.46
科图分类:
主题词: 教师--生平事迹--中国--现代
电子资源:
ISBN: 978-7-300-24538-6
000 00990oam2 2200265 450
001 3281
005 20180527143756.61
010    @a978-7-300-24538-6@dCNY38.00
100    @a20171018d2017 em y0chiy50 ea
101 0  @achi
102    @aCN@b110000
105    @ay z 000yd
200 1  @a优秀教师的成长@9you xiu jiao shi de cheng zhang@i关键事件@f方心田主编
210    @a北京@c中国人民大学出版社@d2017
215    @a187页@d24cm
225 1  @a教师发展丛书
300    @a源创图书
314    @a方心田,江西万年人,编辑,作家,现任教师博览杂志社和江西教育杂志社社长。发表作品200多篇,著有散文集《无语的乡村》《平静的忧思》。
330    @a本书精选了20位教育专家和卓越教师在“关键事件”影响下的成长故事。让读者领悟到“成长无止境,人生当自强”“抓住命运的喉咙,才会迎来幸福人生”的道理。
461  0 @12001 @a教师发展丛书
606 0  @a教师@x生平事迹@y中国@z现代
690    @aK825.46@v5
701  0 @a方心田@9fang xin tian@4主编
801  0 @aCN@b91MARC@c20171018
905    @aMuseLib@dK825.46@e1094
    
    优秀教师的成长.关键事件/方心田主编.-北京:中国人民大学出版社,2017
    187页;24cm.-(教师发展丛书)
    源创图书
    
    ISBN 978-7-300-24538-6:CNY38.00
    本书精选了20位教育专家和卓越教师在“关键事件”影响下的成长故事。让读者领悟到“成长无止境,人生当自强”“抓住命运的喉咙,才会迎来幸福人生”的道理。
●
相关链接 在E读中查询图书 在五车中查询图书 在当当中查询图书 在豆瓣中查询图书


正题名:优秀教师的成长     索取号:K825.46/1094         预约/预借

序号 登录号 条形码 馆藏地/架位号 状态 备注
1 1108572   211085724   第二样本阅览室/ [索取号:K825.46/1094] 在馆    
2 1108573   211085733   教育系资料室/ [索取号:K825.46/1094] 在馆    
3 1108574   211085742   教育系资料室/ [索取号:K825.46/1094] 在馆    
4 1108575   211085751   第二借阅区/ [索取号:K825.46/1094] 在馆    
唐山师范学院图书馆 欢迎您!
大连网信软件有限公司© 版权所有